La différence (Record no. 13925)

MARC details
010 ## - Numéro international normalisé du livre (ISBN)
ISBN 9782952991810
Disponibilité et/ou prix 22 EUR
099 ## - Visibilité opac
notice masquée en opac Non
100 ## - Données générales de traitement
Données générales de traitement 20070822d2007 m y0frey50 ba
101 0# - Langue de la ressource
Langue du texte, de la bande son, etc. français
102 ## - Pays de publication ou de production
Pays de publication France
200 1# - Titre et mention de responsabilité
Titre propre La différence
Indication générale du type de document Livre
215 ## - Description physique
Nombre de pages 1 vol. (228 p.)
225 ## - Collection
Titre de la collection Collection Théâtrale
Numéro de collection volume 2
300 ## - Notes générales
Texte de la note Contient aussi : "Paroles d'hommes" / Marwil Huguet. "Destins de rues" / Philippe Vintejoux
610 ## - Mot-clé
Mot-clé Précarité
-- Exclusion
-- Humanitaire
-- Racisme
702 ## - Nom de personne - mention de responsabilité secondaire
Nom Charbonnier
Prénom Claire-Lise
Dates 1933-2023
702 ## - Nom de personne - mention de responsabilité secondaire
Nom Florensa
Prénom Juan Manuel
Dates 1940-....
702 ## - Nom de personne - mention de responsabilité secondaire
Nom Gendarme
Prénom Michel
Dates 1957-....
105 ## - Zone de données codées : textes, monographies
Données codées sur les monographies textuelles ||||z 00|a|
181 #0 - Zone de données codées : Forme de la ressource
Données de liaison entre champs 01
Forme du contenu selon l’ISBD sous forme codée i
Qualificatif(s) du contenu selon l’ISBD sous forme codée xxxe
181 ## - Zone de données codées : Forme de la ressource
Données de liaison entre champs 02
Autre référentiel utilisé pour coder la forme du contenu texte
Code du référentiel rdacontent
182 #0 - Zone de données codées : type de média
Données de liaison entre champs 01
Type de médiation selon l’ISBD sous forme codée sans média
182 ## - Zone de données codées : type de média
Données de liaison entre champs 02
Autre référentiel utilisé pour coder le type de médiation sans média
Code du référentiel rdamedia
200 1# - Titre et mention de responsabilité
Titre d'un auteur différent Le tueur de Venise
-- Pôkomeu
210 ## - Publication, diffusion, etc.
Lieu de publication, de diffusion, etc. Benquet
Adresse de l'éditeur, du diffuseur, etc. 1048 Av. de la Chalosse, 40280
Nom de l'éditeur, du diffuseur, etc. Écritures théâtrales Grand Sud-Ouest éd.
Date de publication, de diffusion, etc. impr. 2007
Lieu de fabrication 33-Bègles
Nom du fabricant Impr. Ateliers graphiques de l'Ardoisière
215 ## - Description physique
Autres caractéristiques matérielles couv. ill.
Dimensions 23 cm
410 #0 - Collection
Identifiant de la notice bibliographique liée 41137732
410 #0 - Collection
Titre de l'oeuvre Collection théâtrale (Benquet)
ISSN 2110-1728
Numéro de volume 2
676 ## - Classification décimale de Dewey
Indice 842.920 8
Édition 23
686 ## - Autres numéros de classification
Indice 802
Code du format utilisé Cadre de classement de la Bibliographie nationale française
702 ## - Nom de personne - mention de responsabilité secondaire
Identifiant de la notice d'autorité 11896121
Code de fonction Auteur
702 ## - Nom de personne - mention de responsabilité secondaire
Identifiant de la notice d'autorité 12731131
Code de fonction Auteur
702 ## - Nom de personne - mention de responsabilité secondaire
Identifiant de la notice d'autorité 12276253
Code de fonction Auteur
712 11 - collectivité - mention de responsabilité secondaire
Identifiant de la notice d'autorité 15576250
Élément d'entrée Écritures théâtrales Grand Sud-Ouest
Code de fonction Editeur
801 #0 - Origine de la notice
Pays FR
Agence de catalogage FR-751131015
Date de la transaction 20070822
Règles de catalogage utilisées AFNOR
Identifiant d'origine FRBNF410945330000005
Code du format utilisé intermrc
000 -Etiquette de la notice
Leader 01646cam a2200457 4500
003 - Identifiant de la notice
Identifiant http://catalogue.bnf.fr/ark:/12148/cb41094533s
005 - Identifiant de la version
Identifiant 20250904154527.0
020 ## - Numéro de l'agence bibliographique nationale
Code de pays France
Indice 00801132
073 #0 - EAN
Numéro normalisé 9782952991810
Holdings
Exclu du prêt Date de création Site actuel Code barre Date prix de remplacement Cote Statut Site de rattachement Type de document Koha
  04.09.2025 Théâtre Joliette JOL-007624 04.09.2025 TH COLL X   Théâtre Joliette Livre